[Event "FB22 2122 SK Lehrte II - SG Solingen"]
[Site "?"]
[Date "2021.11.27"]
[Round "1.1"]
[White "Bashylina, Luisa"]
[Black "Braje, Monika"]
[Result "1-0"]
[WhiteElo "1916"]
[BlackElo "1783"]
[PlyCount "47"]
[EventDate "2021.??.??"]

1. d4 d5 2. c4 e6 3. Nc3 Be7 4. Nf3 c6 5. e4 dxe4 6. Nxe4 Nf6 7. Nc3 O-O 8. Bd3
Nbd7 9. O-O h6 10. Bf4 b6 11. Re1 Bb7 12. Bc2 Re8 13. h3 Nf8 14. a3 Bd6 15. Ne5
a6 16. b4 c5 17. dxc5 bxc5 18. Nxf7 Kxf7 19. Bxd6 cxb4 20. axb4 Qc8 21. c5 Rd8
22. Ne4 N8d7 23. Qe2 Nd5 24. Ng5+ 1-0

[Event "FB22 2122 SK Lehrte II - SG Solingen"]
[Site "?"]
[Date "2021.11.27"]
[Round "1.2"]
[White "Wilmink, Anna"]
[Black "Muedder, Melanie"]
[Result "0-1"]
[WhiteElo "1602"]
[BlackElo "1766"]
[PlyCount "192"]
[EventDate "2021.??.??"]

1. e4 c5 2. Nf3 Nc6 3. d4 cxd4 4. Nxd4 e5 5. Nb5 d6 6. a4 Be7 7. Bc4 Nf6 8.
N1c3 O-O 9. O-O a6 10. Na3 Qb6 11. Rb1 Bg4 12. Qe1 Nd4 13. Be3 Qb4 14. Nd5 Nxd5
15. Bxd5 Qxa4 16. Bxd4 Qxd4 17. Bxb7 Rab8 18. c3 Qa4 19. Bd5 Rfc8 20. Qd2 h6
21. f4 Be6 22. Bxe6 fxe6 23. fxe5 dxe5 24. Ra1 Bc5+ 25. Kh1 Rf8 26. Qe2 Rxf1+
27. Qxf1 Qxe4 28. Re1 Qf4 29. Qxf4 exf4 30. b4 Bf2 31. Rf1 Rd8 32. h4 Bg3 33.
h5 Rd5 34. c4 Rxh5+ 35. Kg1 Rf5 36. c5 Bh4 37. c6 Bd8 38. Rd1 Bb6+ 39. Kf1 Rd5
40. Rc1 Bc7 41. Ke2 Rg5 42. Kf1 Rg3 43. Ra1 Rc3 44. b5 axb5 45. Nxb5 Rxc6 46.
Ra8+ Kh7 47. Rc8 Rc1+ 48. Ke2 f3+ 49. Kxf3 Bf4 50. Re8 e5 51. g3 Rf1+ 52. Kg2
Rb1 53. gxf4 Rxb5 54. fxe5 Kg6 55. Re7 h5 56. Kg3 Rb4 57. Kh3 Rg4 58. Re8 Kf7
59. Ra8 Ke6 60. Re8+ Kf5 61. Re7 g6 62. Re8 Re4 63. Rf8+ Kxe5 64. Kg3 Rg4+ 65.
Kh3 Rf4 66. Ra8 Kf6 67. Kg3 Kg5 68. Ra5+ Rf5 69. Ra4 Kh6 70. Ra6 Rf1 71. Rb6
Ra1 72. Rb4 Ra3+ 73. Kh2 Ra5 74. Kh3 Rg5 75. Ra4 Rf5 76. Ra6 Rf4 77. Kg3 Rb4
78. Kh3 h4 79. Rc6 Kh5 80. Rc3 g5 81. Rc5 Rb3+ 82. Kh2 h3 83. Rc4 Ra3 84. Rb4
g4 85. Rb8 Ra2+ 86. Kg3 Rg2+ 87. Kf4 h2 88. Rg8 Kh6 89. Ra8 Kg7 90. Ra7+ Kf6
91. Ra6+ Ke7 92. Ra7+ Kd6 93. Ra6+ Kc5 94. Ra5+ Kb4 95. Rh5 g3 96. Kf3 Rg1 0-1

[Event "FB22 2122 SK Lehrte II - SG Solingen"]
[Site "?"]
[Date "2021.11.27"]
[Round "1.3"]
[White "Rudolph, Eva"]
[Black "Michalek, Barbara"]
[Result "1-0"]
[WhiteElo "1746"]
[BlackElo "1915"]
[PlyCount "41"]
[EventDate "2021.??.??"]

1. e4 c5 2. Nf3 Nc6 3. d4 cxd4 4. Nxd4 Nf6 5. Nc3 Qb6 6. Nb3 a6 7. Be2 d6 8.
Be3 Qc7 9. O-O e6 10. f4 Be7 11. Nd4 Bd7 12. Qe1 e5 13. Nxc6 Qxc6 14. fxe5 dxe5
15. Qg3 Nxe4 16. Nxe4 Qxe4 17. Bd3 Qg4 18. Qxe5 Qe6 19. Qg3 Bf6 20. Rae1 O-O-O
21. Ba7 1-0

[Event "FB22 2122 SK Lehrte II - SG Solingen"]
[Site "?"]
[Date "2021.11.27"]
[Round "1.4"]
[White "Edel, Fenja"]
[Black "Sereda, Yaroslava"]
[Result "0-1"]
[WhiteElo "1720"]
[BlackElo "1711"]
[PlyCount "76"]
[EventDate "2021.??.??"]

1. e4 c5 2. f4 Nc6 3. Nf3 g6 4. Nc3 Bg7 5. Bb5 Nd4 6. O-O Nxb5 7. Nxb5 d5 8.
exd5 a6 9. Nc3 Nf6 10. d3 Nxd5 11. Nxd5 Qxd5 12. Qe1 Qd6 13. Qe4 O-O 14. Ne5
Be6 15. Nc4 Bd4+ 16. Kh1 Bxc4 17. dxc4 b6 18. c3 Bf6 19. f5 Qe5 20. Qg4 Rfd8
21. Bh6 Bg7 22. Rae1 Qd6 23. Bf4 Qd7 24. Rd1 Qxf5 25. Qxf5 gxf5 26. Bc7 Rxd1
27. Rxd1 b5 28. cxb5 axb5 29. a3 Rc8 30. Bb6 e6 31. Kg1 b4 32. axb4 cxb4 33.
cxb4 Bxb2 34. Bc5 Bc3 35. Rd3 Be5 36. Re3 Rxc5 37. Rg3+ Bxg3 38. bxc5 Be5 0-1

[Event "FB22 2122 SK Lehrte II - SG Solingen"]
[Site "?"]
[Date "2021.11.27"]
[Round "1.5"]
[White "Orlova, Alicia"]
[Black "Flauss, Jessica"]
[Result "1-0"]
[WhiteElo "1687"]
[BlackElo "1627"]
[PlyCount "109"]
[EventDate "2021.??.??"]

1. e4 e5 2. Nf3 Nc6 3. Bc4 Bc5 4. Nc3 d6 5. d3 h6 6. Be3 Bxe3 7. fxe3 Bg4 8.
O-O Nf6 9. d4 exd4 10. exd4 O-O 11. h3 Bh5 12. Be2 Re8 13. d5 Bxf3 14. gxf3 Ne5
15. Kh2 Kh8 16. Qe1 Qe7 17. Nd1 Rg8 18. Ne3 Ng6 19. Qc3 Nf4 20. Rf2 N6h5 21.
Nf5 Qd7 22. Rd1 Kh7 23. Bf1 g6 24. Ne3 Qe7 25. Qe1 Qg5 26. Rfd2 Rae8 27. Bb5
Ref8 28. c3 f5 29. e5 dxe5 30. d6 cxd6 31. Rxd6 e4 32. h4 Qg3+ 33. Qxg3 Nxg3
34. Kxg3 Nh5+ 35. Kf2 exf3 36. Rd7+ Rg7 37. Rxg7+ Kxg7 38. Kxf3 Rf7 39. Rd7
Rxd7 40. Bxd7 Nf6 41. Bc8 b6 42. Bb7 Kf7 43. Nd5 Ne8 44. Kf4 Nd6 45. Ba6 Ke6
46. Nc7+ Kf6 47. Nb5 Nxb5 48. Bxb5 g5+ 49. Kg3 Ke5 50. h5 Ke4 51. c4 Ke3 52.
Bc6 Kd3 53. Bd5 Kc2 54. b4 Kc3 55. c5 1-0

[Event "FB22 2122 SV Mülheim-Nord - Godesberge"]
[Site "?"]
[Date "2021.11.27"]
[Round "1.1"]
[White "Trunz, Elena"]
[Black "Dergatschova, Anna"]
[Result "1/2-1/2"]
[WhiteElo "2119"]
[BlackElo "2168"]
[PlyCount "61"]
[EventDate "2021.??.??"]

1. e4 c5 2. Nc3 g6 3. g3 Bg7 4. Bg2 Nc6 5. d3 Rb8 6. Be3 Qa5 7. Nge2 b5 8. Qd2
Nd4 9. O-O Nxe2+ 10. Qxe2 b4 11. Nd1 Nf6 12. Bf4 Rb5 13. c4 Rb6 14. Bc7 O-O 15.
Bxb6 Qxb6 16. f4 d6 17. Ne3 e6 18. g4 Nd7 19. h4 Bd4 20. Kh2 Qd8 21. Rf3 Qxh4+
22. Rh3 Qf6 23. Rf1 e5 24. Nd5 Qd8 25. f5 Qg5 26. Rh1 Bb7 27. Bf3 Bxd5 28. cxd5
Nf6 29. Rf1 Kg7 30. Kh1 Be3 31. Rd1 1/2-1/2

[Event "FB22 2122 SV Mülheim-Nord - Godesberge"]
[Site "?"]
[Date "2021.11.27"]
[Round "1.2"]
[White "Karmann, Anna"]
[Black "Werner, Rosalie"]
[Result "1/2-1/2"]
[WhiteElo "1933"]
[BlackElo "1746"]
[PlyCount "85"]
[EventDate "2021.??.??"]

1. c4 Nf6 2. g3 d6 3. Bg2 Nbd7 4. Nc3 g6 5. e3 Bg7 6. Nge2 O-O 7. d4 e5 8. O-O
Qe7 9. Qc2 a5 10. b3 c6 11. Ba3 Re8 12. dxe5 Nxe5 13. Rad1 Rd8 14. h3 c5 15.
Nf4 Be6 16. Bb2 Nc6 17. a3 Bf5 18. Qc1 Ne5 19. Ncd5 Nxd5 20. Nxd5 Qf8 21. e4
Be6 22. f4 Bxd5 23. fxe5 Be6 24. exd6 Rxd6 25. Bxg7 Kxg7 26. Qg5 Rad8 27. Rxd6
Qxd6 28. e5 Qd4+ 29. Kh2 Rd7 30. Qf6+ Kg8 31. h4 Qg4 32. Qf3 Qxf3 33. Rxf3 Rd2
34. Kg1 b6 35. Re3 Ra2 36. a4 Ra3 37. Bd5 Kf8 38. Rf3 Ke7 39. Kf2 Bf5 40. g4
Be6 41. Kg3 Ra1 42. Kf4 h6 43. Kg3 1/2-1/2

[Event "FB22 2122 SV Mülheim-Nord - Godesberge"]
[Site "?"]
[Date "2021.11.27"]
[Round "1.3"]
[White "Trunz, Michelle"]
[Black "Kinzel, Tiffany"]
[Result "1-0"]
[WhiteElo "1673"]
[BlackElo "1786"]
[PlyCount "83"]
[EventDate "2021.??.??"]

1. d4 d5 2. c4 e6 3. Nc3 c6 4. Nf3 Bd6 5. Bg5 Ne7 6. e3 h6 7. Bh4 O-O 8. Bd3
dxc4 9. Bxc4 b5 10. Bd3 Qc7 11. O-O Nf5 12. Bg3 Nxg3 13. hxg3 Nd7 14. Rc1 Qb6
15. Ne4 Bb8 16. b4 a5 17. a3 e5 18. Qb3 Kh8 19. g4 exd4 20. exd4 Bf4 21. Rc2
Nb8 22. g5 Be6 23. Qc3 Bd5 24. gxh6 Bxh6 25. Ne5 Qd8 26. Ng3 axb4 27. axb4 Qh4
28. Nf5 Qg5 29. f4 Qd8 30. g4 Ra2 31. Rxa2 Bxa2 32. Rf2 Bd5 33. Rh2 Kg8 34.
Nxh6+ gxh6 35. Rxh6 Kg7 36. Rh7+ Kf6 37. g5+ Ke6 38. f5+ Kd6 39. Qc5+ Kc7 40.
f6 Qc8 41. Qa7+ Kd8 42. Qe7# 1-0

[Event "FB22 2122 SV Mülheim-Nord - Godesberge"]
[Site "?"]
[Date "2021.11.27"]
[Round "1.4"]
[White "Stoer, Agnes"]
[Black "Hiebsch, Catalina"]
[Result "1-0"]
[WhiteElo "1837"]
[BlackElo "1830"]
[PlyCount "94"]
[EventDate "2021.??.??"]

1. g3 g6 2. Bg2 Bg7 3. d4 f5 4. e4 fxe4 5. Bxe4 Nf6 6. Bg2 e6 7. Nf3 Nc6 8. O-O
O-O 9. Nc3 d6 10. Re1 h6 11. Qd3 Qe8 12. a3 Qf7 13. Be3 Ng4 14. h3 Nxe3 15.
fxe3 e5 16. Rf1 Qf5 17. e4 Qd7 18. d5 Ne7 19. Nh4 g5 20. Rxf8+ Bxf8 21. Nf3 Ng6
22. Nh2 Qe7 23. Rf1 Bd7 24. Qf3 Bg7 25. Qh5 Kh7 26. Qe2 a6 27. Nd1 Rf8 28. Ne3
Rxf1+ 29. Qxf1 Qf6 30. Qc4 c6 31. Qb4 Bc8 32. dxc6 bxc6 33. Qb8 Ne7 34. Nc4 d5
35. Nd6 Be6 36. Ne8 Qf8 37. Qd6 Bc8 38. Nxg7 Qxg7 39. Nf3 dxe4 40. Nxe5 Bf5 41.
g4 Bg6 42. Nd7 h5 43. gxh5 Bf5 44. Nf6+ Kh8 45. h6 Qf7 46. Qd8+ Ng8 47. Nxg8
Bg6 1-0

[Event "FB22 2122 SV Mülheim-Nord - Godesberge"]
[Site "?"]
[Date "2021.11.27"]
[Round "1.5"]
[White "Shamieh, Sara"]
[Black "Frank, Carolin"]
[Result "0-1"]
[WhiteElo "1774"]
[BlackElo "1603"]
[PlyCount "84"]
[EventDate "2021.??.??"]

1. e4 c6 2. d4 d5 3. exd5 cxd5 4. Nf3 Nc6 5. c3 Qc7 6. Na3 a6 7. Nc2 e6 8. Be2
Bd6 9. h3 Nge7 10. O-O O-O 11. Ne3 Bd7 12. Qd3 Ng6 13. Ng5 Nce7 14. h4 Bb5 15.
c4 dxc4 16. Qc2 h6 17. h5 hxg5 18. hxg6 Nxg6 19. a4 Bc6 20. Nxc4 Kh7 21. Nxd6
Qxd6 22. Ra3 Rh8 23. Rh3+ Kg8 24. Rxh8+ Kxh8 25. Bxg5 Qd5 26. Bf3 Qxg5 27. Bxc6
bxc6 28. Qxc6 Qd5 29. Rc1 Qxc6 30. Rxc6 Nf4 31. Kf1 Nd3 32. b3 a5 33. Ke2 Nb4
34. Rc5 Nd5 35. g3 Nf6 36. Kd3 Nd5 37. Kc4 Nb6+ 38. Kb5 Nd7 39. Rc7 Nf6 40.
Rxf7 Kh7 41. Re7 Nd5 42. Kc6 Nxe7+ 0-1

[Event "FB22 2122 SV Mülheim-Nord - Godesberge"]
[Site "?"]
[Date "2021.11.27"]
[Round "1.6"]
[White "Boehm, Janina"]
[Black "Trunz, Tamila"]
[Result "0-1"]
[WhiteElo "1589"]
[BlackElo "1434"]
[PlyCount "70"]
[EventDate "2021.??.??"]

1. d4 d5 2. Nf3 Nf6 3. e3 Bf5 4. c4 e6 5. Nc3 c6 6. Bd3 dxc4 7. Bxc4 Bd6 8. O-O
Nbd7 9. Re1 Ne4 10. Nxe4 Bxe4 11. Bd3 Bxd3 12. Qxd3 O-O 13. e4 e5 14. d5 Nc5
15. Qc3 cxd5 16. exd5 Rc8 17. Nxe5 Nd7 18. Qd4 Nxe5 19. Bf4 Rc4 20. Qe3 Ng4 21.
Bxd6 Nxe3 22. Rxe3 Qxd6 23. Rae1 h6 24. g3 Qxd5 25. Re7 Rfc8 26. h4 Rc1 27.
R7e2 Qf3 28. Kh2 Rxe1 29. Rxe1 Qxf2+ 30. Kh3 Qxe1 31. a4 Qe6+ 32. Kg2 Rc2+ 33.
Kf3 Qe2+ 34. Kf4 Rc4+ 35. Kf5 Qe4# 0-1

[Event "FB22 2122 Hamburger SK II - SK Doppelba"]
[Site "?"]
[Date "2021.11.27"]
[Round "1.1"]
[White "Michna, Marta"]
[Black "Pump, Karen"]
[Result "1-0"]
[WhiteElo "2312"]
[BlackElo "1835"]
[PlyCount "35"]
[EventDate "2021.??.??"]

1. Nf3 d5 2. g3 Nc6 3. Bg2 e5 4. d3 f6 5. Nbd2 Be6 6. e4 Qd7 7. O-O Nge7 8. Re1
Bh3 9. Bh1 h5 10. c3 O-O-O 11. b4 Re8 12. Nb3 g5 13. Nc5 Qg4 14. Qa4 Ng6 15.
Nxb7 Qe6 16. exd5 Qxd5 17. Nxg5 Qd7 18. Bxc6 1-0

[Event "FB22 2122 Hamburger SK II - SK Doppelba"]
[Site "?"]
[Date "2021.11.27"]
[Round "1.2"]
[White "Hubert, Charlotte"]
[Black "Silz, Elisa"]
[Result "1-0"]
[WhiteElo "1632"]
[BlackElo "2038"]
[PlyCount "103"]
[EventDate "2021.??.??"]

1. d4 Nf6 2. c4 g6 3. Nc3 Bg7 4. e4 d6 5. Nf3 O-O 6. Be2 e5 7. Be3 Ng4 8. Bg5
Bf6 9. Bxf6 Nxf6 10. dxe5 dxe5 11. Qxd8 Rxd8 12. Nxe5 Re8 13. f4 c6 14. O-O-O
Na6 15. Bf3 Nc5 16. Rhe1 Be6 17. b3 a5 18. g4 Rad8 19. Rxd8 Rxd8 20. Rd1 Re8
21. g5 Nfd7 22. Ng4 Bxg4 23. Bxg4 Nf8 24. e5 Kg7 25. Kc2 h6 26. h4 hxg5 27.
hxg5 Nfe6 28. Bxe6 Nxe6 29. Ne2 Rh8 30. Rd7 Rh2 31. Kd1 Rh1+ 32. Kd2 Nc5 33.
Rd4 Kf8 34. Kc3 Ke7 35. b4 Rh3+ 36. Kc2 axb4 37. Nc1 Ne6 38. Re4 c5 39. Ne2 Rf3
40. Kc1 Kd7 41. Kd2 Kc6 42. Re3 Rf1 43. Rd3 Nxf4 44. Rd6+ Kc7 45. Rf6 Ra1 46.
Rxf7+ Kb6 47. Nxf4 Rxa2+ 48. Kc1 b3 49. e6 Rc2+ 50. Kb1 Rxc4 51. e7 Re4 52. Rf8
1-0

[Event "FB22 2122 Hamburger SK II - SK Doppelba"]
[Site "?"]
[Date "2021.11.27"]
[Round "1.3"]
[White "Gressmann, Hanna"]
[Black "Wartenberg, Alissa"]
[Result "1-0"]
[WhiteElo "1891"]
[BlackElo "1586"]
[PlyCount "57"]
[EventDate "2021.??.??"]

1. e4 e5 2. Nf3 Nc6 3. Bc4 Bc5 4. c3 Nf6 5. d3 d6 6. O-O Bg4 7. h3 Bh5 8. Re1
a6 9. Bb3 h6 10. Nbd2 Qd7 11. Nf1 O-O-O 12. Ng3 Bg6 13. Ba4 h5 14. Bg5 Rdg8 15.
d4 exd4 16. cxd4 Bb4 17. d5 b5 18. dxc6 Qxc6 19. Rc1 Qd7 20. Bb3 Bxe1 21. Qxe1
Re8 22. Bxf6 gxf6 23. Qa5 h4 24. Qxa6+ Kd8 25. Nf5 Bxf5 26. exf5 Qxf5 27. Bxf7
Ref8 28. Nd4 Qe4 29. Ne6+ 1-0

[Event "FB22 2122 Hamburger SK II - SK Doppelba"]
[Site "?"]
[Date "2021.11.27"]
[Round "1.4"]
[White "Neumann, Ramona"]
[Black "Braeutigam, Katerina"]
[Result "0-1"]
[WhiteElo "1660"]
[BlackElo "1773"]
[PlyCount "59"]
[EventDate "2021.??.??"]

1. e4 c6 2. d4 d5 3. e5 Bf5 4. Nf3 e6 5. Be2 Ne7 6. Nbd2 Nd7 7. Nf1 Qc7 8. Ng3
Bg6 9. O-O f6 10. exf6 gxf6 11. c4 O-O-O 12. Qa4 Kb8 13. c5 e5 14. b4 Nf5 15.
Nxf5 Bxf5 16. dxe5 fxe5 17. Bb2 Rg8 18. Ne1 Rg6 19. Bc1 Nf6 20. Nf3 Bh3 21. Nh4
Bxg2 22. Nxg2 Qg7 23. Bf3 e4 24. Qb3 Bd6 25. Kh1 Rg8 26. Rg1 exf3 27. Qxf3 Ne4
28. cxd6 Qxa1 29. d7 Qxa2 30. Bf4+ 0-1

[Event "FB22 2122 Hamburger SK II - SK Doppelba"]
[Site "?"]
[Date "2021.11.27"]
[Round "1.5"]
[White "Hielscher, Ursula"]
[Black "Hoefner, Nina"]
[Result "1-0"]
[WhiteElo "1749"]
[BlackElo "1578"]
[PlyCount "91"]
[EventDate "2021.??.??"]

1. d4 Nf6 2. c4 g6 3. Nc3 Bg7 4. e4 d6 5. f3 O-O 6. Be3 e5 7. d5 c6 8. Bd3 cxd5
9. cxd5 Nbd7 10. Qd2 a6 11. O-O-O Qc7 12. Kb1 Nc5 13. Bc2 b5 14. Nge2 Bd7 15.
Nc1 b4 16. N3e2 a5 17. Nb3 Nxb3 18. Bxb3 a4 19. Rc1 Qb7 20. Bc4 Rfb8 21. g4 Ne8
22. h4 Nc7 23. h5 Nb5 24. Bxb5 Bxb5 25. hxg6 fxg6 26. Ng3 a3 27. b3 Rc8 28.
Rxc8+ Rxc8 29. Qh2 Bd3+ 30. Ka1 Qc7 31. Qd2 Qc3+ 32. Qxc3 Rxc3 33. Bd2 Rc2 34.
Bxb4 Rf2 35. Bxa3 Rxf3 36. Rg1 Rf4 37. Bxd6 Rxg4 38. Rc1 h5 39. Nh1 Rxe4 40.
Nf2 Rd4 41. Rc8+ Kh7 42. Rc7 Rxd5 43. Bf8 e4+ 44. Bxg7 Kg8 45. Bh6 g5 46. Rg7+
1-0

[Event "FB22 2122 Hamburger SK II - SK Doppelba"]
[Site "?"]
[Date "2021.11.27"]
[Round "1.6"]
[White "Reich, Kristina"]
[Black "Malinowsky, Celina"]
[Result "1/2-1/2"]
[WhiteElo "1544"]
[BlackElo "1455"]
[PlyCount "56"]
[EventDate "2021.??.??"]

1. e4 e5 2. Nc3 Bc5 3. g3 Nf6 4. Bg2 d6 5. Nge2 Nc6 6. d3 Be6 7. h3 Qd7 8. Nd5
Bxd5 9. exd5 Ne7 10. c4 Qf5 11. d4 Ne4 12. O-O exd4 13. Nxd4 Qe5 14. Be3 Nxg3
15. Re1 Ngf5 16. Qa4+ Kd8 17. Nxf5 Qxf5 18. b4 Bxe3 19. Rxe3 Qd7 20. Qc2 Nf5
21. Re4 Re8 22. Rae1 Rxe4 23. Qxe4 Qe7 24. Qb1 Qf6 25. Qe4 Qe7 26. Qb1 Qf6 27.
Qe4 Qe7 28. Qb1 Qf6 1/2-1/2

[Event "FB22 2122 Delmenhorster SK - Lübecker "]
[Site "?"]
[Date "2021.11.27"]
[Round "1.1"]
[White "Kopylov, Luba"]
[Black "Moenster, Madita"]
[Result "1-0"]
[WhiteElo "2031"]
[BlackElo "1902"]
[PlyCount "69"]
[EventDate "2021.??.??"]

1. d4 Nf6 2. c4 e6 3. Nc3 Bb4 4. Qc2 c5 5. e3 Nc6 6. Nf3 O-O 7. Bd3 d5 8. a3
cxd4 9. exd4 dxc4 10. Bxh7+ Nxh7 11. axb4 Nxb4 12. Qe2 Nd3+ 13. Kf1 Re8 14. Be3
e5 15. Nxe5 Nxe5 16. dxe5 Bf5 17. Qf3 Bd3+ 18. Kg1 Qd7 19. Qg3 b5 20. Bh6 Bg6
21. h4 gxh6 22. h5 Re6 23. Rd1 Qe8 24. Rd6 Kg7 25. hxg6 Rxg6 26. Rxg6+ fxg6 27.
Qh4 h5 28. Qd4 Qd8 29. Nd5 a5 30. Rh3 Ra6 31. Rf3 Re6 32. Qa7+ Kh6 33. Rf7 Ng5
34. Rd7 Qf8 35. f4 1-0

[Event "FB22 2122 Delmenhorster SK - Lübecker "]
[Site "?"]
[Date "2021.11.27"]
[Round "1.4"]
[White "Zoellner, Bente"]
[Black "Mundt, Alexandra"]
[Result "0-1"]
[WhiteElo "1571"]
[BlackElo "1785"]
[PlyCount "82"]
[EventDate "2021.??.??"]

1. d4 g6 2. Nf3 Bg7 3. c4 c5 4. d5 d6 5. Nc3 Nd7 6. e4 Ngf6 7. Bd3 O-O 8. O-O
Ng4 9. Be2 Nb6 10. Bf4 f5 11. Ng5 Ne5 12. Qb3 h6 13. Nf3 Nxf3+ 14. gxf3 fxe4
15. Bg3 exf3 16. Bd3 Bh3 17. Rfe1 Qd7 18. Qc2 Bf5 19. Bxf5 Rxf5 20. Qd3 Be5 21.
Re3 Raf8 22. Rae1 Kg7 23. b3 R8f7 24. Nd1 h5 25. Re4 Rg5 26. R1e3 Qf5 27. Kf1
Qh3+ 28. Ke1 Qg2 29. Kd2 Bxg3 30. hxg3 Nc8 31. Rh4 Rxg3 32. Rhe4 Rg4 33. Qc3+
Kh7 34. Re6 Rd4+ 35. Kc2 Qg5 36. Qe1 Qf5+ 37. Kb2 a6 38. Qg1 b5 39. Rc3 Rd2+
40. Kc1 Rxa2 41. Ne3 Ra1+ 0-1

[Event "FB22 2122 Delmenhorster SK - Lübecker "]
[Site "?"]
[Date "2021.11.27"]
[Round "1.5"]
[White "Sickmann, Lisa"]
[Black "Wollscheid, Stefanie"]
[Result "1-0"]
[WhiteElo "1569"]
[BlackElo "1692"]
[PlyCount "45"]
[EventDate "2021.??.??"]

1. e4 c5 2. Nf3 d6 3. d4 cxd4 4. Nxd4 Nc6 5. Be3 g6 6. Nc3 Bg7 7. Qd2 Nf6 8. f3
Bd7 9. g4 h5 10. g5 Nh7 11. f4 a6 12. Nd5 e6 13. Nxc6 Bxc6 14. Bb6 Qc8 15. Nc7+
Ke7 16. Nxa8 Qxa8 17. O-O-O Qb8 18. Bg2 Rc8 19. Qb4 Kd7 20. Rd2 Bf8 21. Qd4 Be7
22. Qg7 Nf8 23. Qxf7 1-0

[Event "FB22 2122 Delmenhorster SK - Lübecker "]
[Site "?"]
[Date "2021.11.27"]
[Round "1.6"]
[White "Wenke, Andrea"]
[Black "Schnell, Andrea"]
[Result "1/2-1/2"]
[WhiteElo "1706"]
[BlackElo "1250"]
[PlyCount "107"]
[EventDate "2021.??.??"]

1. e4 c6 2. Nc3 d5 3. exd5 cxd5 4. d4 Nc6 5. Nf3 Bg4 6. Be2 e6 7. h3 Bh5 8. Bf4
Nf6 9. O-O Be7 10. Ne5 Bxe2 11. Nxe2 O-O 12. c3 Nxe5 13. Bxe5 Bd6 14. f4 Ne4
15. Bxd6 Qxd6 16. Qe1 f5 17. Nc1 Qa6 18. Rf3 Rf6 19. Nd3 Qb5 20. a4 Qe8 21. Ne5
Rc8 22. a5 a6 23. Qe2 Qb5 24. Qxb5 axb5 25. Nd7 Rg6 26. Re3 b4 27. Ne5 Rg3 28.
Rxg3 Nxg3 29. a6 bxa6 30. Rxa6 bxc3 31. bxc3 Ne2+ 32. Kf2 Nxc3 33. Rxe6 g6 34.
g4 Ne4+ 35. Ke3 Rc3+ 36. Nd3 Kf7 37. Re5 fxg4 38. hxg4 Nf6 39. Kd2 Rc4 40. Rxd5
Nxd5 41. Ne5+ Ke6 42. Nxc4 Nxf4 43. Ke3 Nd5+ 44. Kd3 Nf6 45. Ne5 Nd5 46. Nf3 h6
47. Ne5 g5 48. Ke4 Nf6+ 49. Kd3 h5 50. gxh5 Nxh5 51. Ng4 Nf4+ 52. Ke4 Nd5 53.
Ne5 Nf6+ 54. Kd3 1/2-1/2

[Event "FB22 2122 Godesberger SK - SK Lehrte II"]
[Site "?"]
[Date "2021.11.28"]
[Round "2.1"]
[White "Braje, Monika"]
[Black "Trunz, Elena"]
[Result "0-1"]
[WhiteElo "1783"]
[BlackElo "2119"]
[PlyCount "95"]
[EventDate "2021.??.??"]

1. e4 c5 2. d4 cxd4 3. c3 dxc3 4. Nxc3 Nc6 5. Nf3 d6 6. Bc4 e6 7. O-O Nf6 8.
Qe2 a6 9. Rd1 Qc7 10. h3 Be7 11. Bf4 Nd7 12. Rac1 Qb8 13. Bb3 O-O 14. Qe3 Nce5
15. Nd2 b5 16. Qg3 Bb7 17. Be3 Nf6 18. f3 Nh5 19. Qh2 Nd3 20. Rb1 Qc7 21. Ne2
Rac8 22. Nf1 Ne5 23. Nf4 Nxf4 24. Bxf4 a5 25. a4 bxa4 26. Bxa4 Rfd8 27. Kh1 Ng6
28. Bd2 Bf6 29. b4 axb4 30. Bxb4 Be5 31. Qg1 Ra8 32. Rdc1 Qe7 33. Bb3 Nf4 34.
Qb6 Qg5 35. Rc2 Ba6 36. Rbc1 Nd3 37. Bd2 Qh4 38. Rb1 Rdb8 39. Qe3 Bf4 40. Qd4
Be5 41. Qe3 Nf4 42. Ra2 Nxh3 43. Rxa6 Nf4+ 44. Kg1 Rxa6 45. Be1 Qg5 46. Qd2
Rab6 47. Qc2 g6 48. Qe2 0-1

[Event "FB22 2122 Godesberger SK - SK Lehrte II"]
[Site "?"]
[Date "2021.11.28"]
[Round "2.2"]
[White "Werner, Rosalie"]
[Black "Wilmink, Anna"]
[Result "0-1"]
[WhiteElo "1746"]
[BlackElo "1602"]
[PlyCount "56"]
[EventDate "2021.??.??"]

1. e4 e6 2. d4 d5 3. Nd2 Nc6 4. Ngf3 Nf6 5. e5 Nd7 6. c3 f6 7. Bb5 a6 8. Bxc6
bxc6 9. O-O Be7 10. exf6 Nxf6 11. Ne5 Bd7 12. Nb3 O-O 13. Nd3 Bd6 14. Re1 Ne4
15. g3 Qf6 16. Qe2 Rae8 17. Kg2 Qg6 18. Qe3 e5 19. Nd2 Nxf2 20. Nxf2 exd4 21.
Qxd4 Rxe1 22. Nf3 Re7 23. Be3 Qe6 24. Re1 Qf6 25. Qd1 Ref7 26. Ng5 Re7 27. Nf3
h6 28. Re2 Qxf3+ 0-1

[Event "FB22 2122 Godesberger SK - SK Lehrte II"]
[Site "?"]
[Date "2021.11.28"]
[Round "2.3"]
[White "Michalek, Barbara"]
[Black "Trunz, Michelle"]
[Result "1/2-1/2"]
[WhiteElo "1915"]
[BlackElo "1673"]
[PlyCount "97"]
[EventDate "2021.??.??"]

1. d4 f5 2. c4 Nf6 3. Nf3 e6 4. Nc3 c6 5. e3 d5 6. Be2 Bd6 7. Ne5 O-O 8. f4 b6
9. O-O Bb7 10. cxd5 exd5 11. h3 Ne4 12. Nxe4 fxe4 13. Qe1 Qe7 14. Bd2 c5 15.
Bc3 Nc6 16. Nxc6 Bxc6 17. Qf2 c4 18. g4 g5 19. f5 Rf6 20. Qg2 Raf8 21. Be1 Qc7
22. h4 h6 23. Qh3 Qg7 24. h5 Qc7 25. Kg2 b5 26. Bg3 Bxg3 27. Qxg3 Qxg3+ 28.
Kxg3 a5 29. Rfc1 Rb8 30. Kf2 b4 31. Ke1 Kf7 32. Bd1 Rd6 33. Rc2 Ba4 34. b3 Bb5
35. a4 Ba6 36. Rac1 c3 37. Be2 Bd3 38. Ra2 Rc6 39. Bd1 Rbc8 40. Bc2 R8c7 41.
Kf2 Ke8 42. Rg1 Ba6 43. Ke1 Rf6 44. Ra1 Rcf7 45. Rc1 Bc8 46. Rf1 Rb6 47. Rf2
Ke7 48. Kf1 Kf6 49. Kg2 1/2-1/2

[Event "FB22 2122 Godesberger SK - SK Lehrte II"]
[Site "?"]
[Date "2021.11.28"]
[Round "2.4"]
[White "Hiebsch, Catalina"]
[Black "Edel, Fenja"]
[Result "0-1"]
[WhiteElo "1830"]
[BlackElo "1720"]
[PlyCount "46"]
[EventDate "2021.??.??"]

1. e4 e6 2. d4 d5 3. exd5 exd5 4. Nf3 Nf6 5. Bd3 Bd6 6. Nbd2 O-O 7. O-O Bg4 8.
c3 c6 9. h3 Bh5 10. Qc2 Qc7 11. Nh4 Re8 12. Nf5 Bf4 13. g3 g6 14. gxf4 gxf5 15.
Nb3 Bf3 16. Kh2 Ne4 17. Be3 Kh8 18. Nd2 Bh5 19. Rae1 Nd7 20. f3 Ng5 21. Kg3 Rg8
22. Kh4 Nxf3+ 23. Nxf3 Bxf3 0-1

[Event "FB22 2122 Godesberger SK - SK Lehrte II"]
[Site "?"]
[Date "2021.11.28"]
[Round "2.5"]
[White "Flauss, Jessica"]
[Black "Shamieh, Sara"]
[Result "1-0"]
[WhiteElo "1627"]
[BlackElo "1774"]
[PlyCount "79"]
[EventDate "2021.??.??"]

1. e4 e5 2. Nc3 Nc6 3. Bc4 Nf6 4. d3 Bc5 5. h3 Na5 6. Bb3 h6 7. Nf3 d6 8. Na4
Nxb3 9. axb3 Bb6 10. Nxb6 cxb6 11. Be3 Bd7 12. Qd2 a5 13. O-O O-O 14. Nh2 Nh7
15. f4 exf4 16. Rxf4 g5 17. Rf3 Be6 18. Rg3 b5 19. Ng4 Bxg4 20. Rxg4 f6 21. Rg3
Ra6 22. h4 Rf7 23. hxg5 fxg5 24. Bd4 d5 25. Re1 Qd6 26. e5 Qe6 27. Qe3 a4 28.
Rf1 axb3 29. Rxf7 Kxf7 30. Rf3+ Kg6 31. cxb3 Ra1+ 32. Kh2 h5 33. Qf2 h4 34. g3
g4 35. Rf4 h3 36. Qe2 Kg5 37. Qe3 Kh5 38. Bc3 Ng5 39. Bd2 Nf3+ 40. Rxf3 1-0

[Event "FB22 2122 Godesberger SK - SK Lehrte II"]
[Site "?"]
[Date "2021.11.28"]
[Round "2.6"]
[White "Trunz, Tamila"]
[Black "Margaryan, Venera"]
[Result "1/2-1/2"]
[WhiteElo "1434"]
[BlackElo "1446"]
[PlyCount "137"]
[EventDate "2021.??.??"]

1. e4 e6 2. d4 d5 3. e5 c5 4. Be3 Nc6 5. c3 Qb6 6. b3 cxd4 7. Bxd4 Nxd4 8. Qxd4
Qxd4 9. cxd4 Bd7 10. Nd2 Rc8 11. f4 Ne7 12. Ngf3 Nf5 13. Bd3 Ne3 14. Kf2 Nc2
15. Bxc2 Rxc2 16. Rhc1 Rc6 17. a3 a6 18. b4 Be7 19. Nb3 Rxc1 20. Rxc1 b6 21.
Rc7 Bd8 22. Ra7 Bc8 23. Ng5 O-O 24. a4 h6 25. Nf3 Re8 26. Ne1 Re7 27. Rxe7 Bxe7
28. Nd3 Bd7 29. a5 bxa5 30. Nxa5 Bb5 31. Nc5 g5 32. Kf3 gxf4 33. Nab3 Bh4 34.
g3 fxg3 35. hxg3 Bg5 36. Na1 Bd2 37. Nc2 Kg7 38. Nb3 Bc3 39. Nc5 Bd2 40. Nb3
Bg5 41. Nc5 Kf8 42. Na3 Ke7 43. Nxb5 axb5 44. Ke2 f6 45. exf6+ Bxf6 46. Kd3 h5
47. Ke3 e5 48. dxe5 Bxe5 49. Kf3 Bc3 50. Nd3 Kd6 51. Kf4 Ke6 52. Kg5 Be5 53. g4
hxg4 54. Kxg4 d4 55. Kf3 Kd5 56. Ke2 Kc4 57. Nxe5+ Kxb4 58. Nc6+ Kc3 59. Nxd4
Kxd4 60. Kd2 b4 61. Kc2 Kc4 62. Kb2 b3 63. Kb1 Kb4 64. Kb2 Ka4 65. Kb1 Kb4 66.
Kb2 Kc4 67. Kb1 Kd3 68. Kb2 Kc4 69. Kb1 1/2-1/2